[Event "AUS-ch Major"]
[Site "Parramatta"]
[Date "2008.01.08"]
[Round "8"]
[White "Djukovic, Dragan"]
[Black "Eccles, Richard"]
[Result "0-1"]
[WhiteElo "1729"]
[BlackElo "1646"]
[PlyCount "92"]
[EventDate "2008.01.02"]
[EventType "swiss"]
[EventRounds "11"]
[EventCountry "AUS"]
[SourceTitle "EXT 2010"]
[Source "ChessBase"]
[SourceDate "2010.11.25"]
[SourceVersion "1"]
[SourceVersionDate "2010.11.25"]
[SourceQuality "1"]

1. Nf3 Nf6 2. c4 g6 3. Nc3 Bg7 4. e4 d6 5. d4 Bg4 6. Be2 0-0 7. 0-0 c6 8. Qb3 Qc7 9. Re1 Nbd7 10. h3 Bxf3 11. Bxf3 e5 12. Be3 Ne8 13. Rad1 Kh8 14. d5 c5 15. Nb5 Qb6 16. Bg5 a6 17. Nc3 Qxb3 18. axb3 f5 19. Bd2 Nef6 20. Ra1 Rae8 21. Bg5 h6 22. Bxf6 Nxf6 23. Bd1 h5 24. Bc2 Nh7 25. Re2 Bh6 26. f3 Bg5 27. Rf1 Bh4 28. Kh2 f4 29. Rd2 Rg8 30. Ne2 Bg5 31. Rdd1 Bd8 32. Ra1 g5 33. g4 fxg3+ 34. Nxg3 g4 35. fxg4 hxg4 36. Rg1 Ng5 37. Bd1 Nxh3 38. Rf1 Nf4 39. Rxf4 exf4 40. Nf5 Rxe4 41. Nxd6 Re1 42. Nxb7 Bh4 43. Rxa6 Bg3+ 44. Kg2 Rxd1 45. Nd6 Rd2+ 46. Kg1 f3 0-1

[Event "AUS-ch Major"]
[Site "Parramatta"]
[Date "2008.01.02"]
[Round "1"]
[White "Eccles, Richard"]
[Black "Mandla, Blair"]
[Result "0-1"]
[WhiteElo "1646"]
[BlackElo "1883"]
[PlyCount "59"]
[EventDate "2008.01.02"]
[EventType "swiss"]
[EventRounds "11"]
[EventCountry "AUS"]
[SourceTitle "EXT 2010"]
[Source "ChessBase"]
[SourceDate "2010.11.25"]
[SourceVersion "1"]
[SourceVersionDate "2010.11.25"]
[SourceQuality "1"]

1. e4 d5 2. exd5 Nf6 3. Nf3 Nxd5 4. d4 Bg4 5. Be2 e6 6. 0-0 Be7 7. c4 Nb6 8. Nc3 0-0 9. b3 Bf6 10. Ne5 Bxe2 11. Nxe2 Bxe5 12. dxe5 Nc6 13. Bb2 Qg5 14. Qc1 Qf5 15. Ng3 Qg6 16. Qe3 Rfd8 17. Ne4 Nb4 18. Qe2 Nd3 19. Bc3 Qf5 20. Rad1 Nf4 21. Qe3 Rxd1 22. Rxd1 Nxg2 23. Qd3 Nd5 24. cxd5 Nf4 25. Nf6+ gxf6 26. Qxf5 exf5 27. Rd2 Re8 28. e6 fxe6 29. dxe6 Rxe6 30. f3 0-1